000
00334nam a2200133Ia 4500
008
240624s9999 xx 000 0 und d
041
_a
eng
082
_a
153 FIW
100
_a
FIWA BERNADETTE
245
_a
HUNCH TURN YOUR EVERYDAY INSIGHTS INTO T
260
_c
2017
_b
Penguin Random House
300
_a
163 p.; 20 cm
365
_c
RS
999
_c
29371
_d
29371